| 000 | 00618nam a2200205 a 4500 | ||
|---|---|---|---|
| 005 | 20140310183342.0 | ||
| 008 | 070119s19uu xx 00 eng d | ||
| 020 | _a1581154305 | ||
| 050 |
_aNC 1001.6 _b.C69 2005 |
||
| 100 | _aCrawford, Tad | ||
| 245 | _aThe Graphic design Business book. | ||
| 260 |
_aNew York : _bAllworth Press, _c2005. |
||
| 300 |
_a247 p. : _bill. ; _c24 cm. |
||
| 521 | _aBSBA | ||
| 650 |
_aGraphic arts _xUnited States _xMarketing. |
||
| 650 |
_aCommercial art _xUnited States _xMarketing. |
||
| 650 |
_aSmall business _xUnited States _xManagement. |
||
| 942 |
_cBK _2lcc _kFOR |
||
| 999 |
_c21845 _d21845 |
||